Koralara: yakshagana vimarsha sankalana (Record no. 211729)

MARC details
000 -LEADER
fixed length control field 00717nam a2200217Ia 4500
003 - CONTROL NUMBER IDENTIFIER
control field OSt
005 - DATE AND TIME OF LATEST TRANSACTION
control field 20250927121917.0
008 - FIXED-LENGTH DATA ELEMENTS--GENERAL INFORMATION
fixed length control field 210719s2017 xx 000 0 und d
040 ## - CATALOGING SOURCE
Transcribing agency AL
041 ## - LANGUAGE CODE
Language code of text/sound track or separate title Kannada
082 ## - DEWEY DECIMAL CLASSIFICATION NUMBER
Classification number 398.2K JOSK
100 ## - MAIN ENTRY--PERSONAL NAME
Personal name JOSHI (M Prabhakara)
Dates associated with a name ಜೋಶಿ (ಎಂ ಪ್ರಭಾಕರ )
9 (RLIN) 240854
245 ## - TITLE STATEMENT
Title Koralara: yakshagana vimarsha sankalana
Remainder of title ಕೊರಳರ : ಯಕ್ಷಗಾನ ವಿಮರ್ಶ ಸಂಕಲನ
260 ## - PUBLICATION, DISTRIBUTION, ETC.
Place of publication, distribution, etc. Mangaluru
Name of publisher, distributor, etc. Akrati Ashaya Pablications
Date of publication, distribution, etc. 2017
300 ## - PHYSICAL DESCRIPTION
Extent xiii,106
Other physical details PB
365 ## - TRADE PRICE
Price amount 150
Currency code Rs
650 ## - SUBJECT ADDED ENTRY--TOPICAL TERM
Topical term or geographic name entry element Folklore
9 (RLIN) 240855
650 ## - SUBJECT ADDED ENTRY--TOPICAL TERM
Topical term or geographic name entry element Yakshagana
9 (RLIN) 240856
906 ## - LOCAL DATA ELEMENT F, LDF (RLIN)
a Koralara: ; sankalana ; vimarsha ; yakshagana
942 ## - ADDED ENTRY ELEMENTS (KOHA)
Source of classification or shelving scheme Dewey Decimal Classification
Koha item type Book
Holdings
Withdrawn status Lost status Damaged status Not for loan Collection code Home library Current library Date acquired Source of acquisition Cost, normal purchase price Total Checkouts Full call number Barcode Date last seen Cost, replacement price Price effective from Koha item type
          St Aloysius Library St Aloysius Library 02/05/2021 Akrati Ashaya Publications, Mangaluru-575001 | General Annual 150.00   398.2K JOSK 074543 07/19/2021 127.50 07/19/2021 Book